000 00882nam a2200205 i 4500
001 162795
003 ES-MaACL
005 20230906212615.0
008 050627s1892 sp a |||| | spa d
040 _aCAM
_bspa
_cCAM
100 1 _aQuesada y Agius, Balbino.
_9131511
245 1 0 _aEstablecimiento termal de Caldas de Besaya, en la línea férrea de Madrid á Santander ...
_b: breves consideraciones sobre la hidrología médica de las Caldas /
_cpor ... Quesada.
260 _aSantander :
_b[s.n.],
_c1892 (
_fImp. y lit. de Telesforo Martínez)
300 _a29 p. :
_bil. ;
_c21 cm.
650 4 _aAguas minerales-
_zLas Caldas de Besaya.
_9135521
650 _aBalnearios-
_zCaldas de Besaya (Santander)
_9135665
852 _aES-MaACL
_jT-684-F-1
_z-- Enc. hol., conservando la enc. original
_z-- Enc. en un vol. facticio
852 _aES-MaACL
_jT-578-F-6
999 _c162795
_d162795